[Event "8e Open"]
[Site "Saint-Affrique"]
[Date "2000.07.22"]
[Round "1.1"]
[White "Deveau, Henri"]
[Black "Fressinet, Laurent"]
[Result "0-1"]
[WhiteElo "1870"]
[BlackElo "2536"]
[PlyCount "38"]
[EventDate "2000.07.??"]

1. e4 c5 2. b4 cxb4 3. a3 d5 4. exd5 Qxd5 5. Bb2 e5 6. axb4 Bxb4 7. Nc3 Bxc3 8.
Bxc3 Nc6 9. Be2 Nf6 10. Rb1 O-O 11. Rb5 Qd6 12. Nf3 Re8 13. O-O a6 14. Qa1 axb5
15. Qxa8 b4 16. Bb2 e4 17. Ng5 Qxd2 18. Bxf6 Qxe2 19. Qa2 Qh5 0-1

[Event "8e Open"]
[Site "Saint-Affrique"]
[Date "2000.07.22"]
[Round "1.2"]
[White "Kosten, Anthony"]
[Black "Garnier, Gilles"]
[Result "1-0"]
[WhiteElo "2524"]
[BlackElo "1870"]
[PlyCount "63"]
[EventDate "2000.07.??"]

1. Nf3 d5 2. c4 c6 3. g3 Nf6 4. Bg2 dxc4 5. Qc2 g6 6. Qxc4 Bg7 7. O-O O-O 8.
Nc3 Nbd7 9. d4 Nb6 10. Qd3 Be6 11. b3 Nfd5 12. e4 Nxc3 13. Qxc3 Rc8 14. Bb2 Qc7
15. Rac1 Rfd8 16. Qe3 Qd7 17. Qf4 Qd6 18. Qg5 Qb4 19. Bc3 Qa3 20. Qd2 Qd6 21.
Qb2 Bh6 22. Rce1 Nd7 23. h3 f5 24. Bd2 Bg7 25. exf5 Bxf5 26. Bf4 Qb4 27. a3 Qb6
28. Rxe7 Bf6 29. Re3 c5 30. Be5 cxd4 31. Bxd4 Bxd4 32. Nxd4 1-0

[Event "8e Open"]
[Site "Saint-Affrique"]
[Date "2000.07.22"]
[Round "1.3"]
[White "Baumann, Benjamin"]
[Black "Todorov, Ognjan"]
[Result "0-1"]
[WhiteElo "1860"]
[BlackElo "2339"]
[PlyCount "108"]
[EventDate "2000.07.??"]

1. d4 Nf6 2. Bg5 d5 3. Bxf6 exf6 4. e3 c6 5. c4 dxc4 6. Bxc4 Bd6 7. Nc3 O-O 8.
Nge2 Nd7 9. O-O f5 10. a3 Nf6 11. b4 Bxh2+ 12. Kxh2 Ng4+ 13. Kg3 Qg5 14. f4 Qg6
15. Kf3 Re8 16. Qd3 Rxe3+ 17. Qxe3 Nxe3 18. Kxe3 Be6 19. Bxe6 Qxe6+ 20. Kd3
20... b5 {} 21. Ra2 a5 22. Rfa1 g6 23. bxa5 Rxa5 24. Rb1 Ra8 25. g3 Re8 26.
Re1 Qc4+ 27. Kd2 h5 28. Raa1 Kg7 29. Rg1 Ra8 30. Rgb1 Qe6 31. a4 bxa4 32. Nxa4
Re8 33. Nac3 Qe3+ 34. Kc2 Qf2 35. Re1 Re3 36. Rad1 Rxg3 37. Rf1 Rxc3+ 38. Kxc3
Qxe2 39. Rde1 Qh2 40. Kd3 Qh3+ 41. Kd2 Qg2+ 42. Kd3 Qd5 43. Rc1 Kh6 44. Rc5
Qe4+ 45. Kc3 Qe3+ 46. Kb4 Qxd4+ 47. Rc4 Qb2+ 48. Kc5 Qb5+ 49. Kd4 Qd5+ 50. Kc3
h4 51. Rd4 Qa5+ 52. Kd3 Qb5+ 53. Rc4 h3 54. Rf2 Kh5 0-1

[Event "8e Open"]
[Site "Saint-Affrique"]
[Date "2000.07.22"]
[Round "1.5"]
[White "Tanguy, Fabien"]
[Black "Flear, Glenn C"]
[Result "0-1"]
[WhiteElo "1860"]
[BlackElo "2480"]
[PlyCount "44"]
[EventDate "2000.07.??"]

1. c4 e6 2. Nc3 d5 3. cxd5 exd5 4. e3 Nf6 5. Nf3 c6 6. Be2 Bd6 7. d3 O-O 8. O-O
Re8 9. Re1 Bc7 10. b3 Nbd7 11. d4 Nf8 12. Ba3 Ng6 13. g3 Bh3 14. Bf1 Qd7 15.
Ng5 Bxf1 16. Rxf1 h6 17. Nf3 Qh3 18. Ne2 Re4 19. Kh1 {} 19... Nh4 20. Nf4 Rxf4
21. Nxh4 Rxh4 22. gxh4 Qxh2# 0-1

[Event "8e Open"]
[Site "Saint-Affrique"]
[Date "2000.07.22"]
[Round "1.6"]
[White "Bricard, Emmanuel"]
[Black "Duda, Richard"]
[Result "1-0"]
[WhiteElo "2461"]
[BlackElo "1850"]
[PlyCount "25"]
[EventDate "2000.07.??"]

1. d4 Nf6 2. c4 e5 3. e3 exd4 4. exd4 Bb4+ 5. Nc3 O-O 6. Nf3 Re8+ 7. Be2 Qe7 8.
Be3 d6 9. O-O Bxc3 10. bxc3 Ne4 11. Qc2 Nxf2 12. Bxf2 12... Qxe2 {} 13. Rae1
1-0

[Event "8e Open"]
[Site "Saint-Affrique"]
[Date "2000.07.22"]
[Round "1.10"]
[White "Vajda, Albert"]
[Black "Anthoine-Milhomme, Jean-Pierre"]
[Result "1-0"]
[WhiteElo "2410"]
[BlackElo "1840"]
[PlyCount "29"]
[EventDate "2000.07.??"]

1. e4 e5 2. Bc4 Nf6 3. d3 Bc5 4. Nf3 d6 5. O-O O-O 6. Nbd2 Nc6 7. c3 Bg4 8. h3
Bxf3 9. Nxf3 h6 10. b4 Bb6 11. Bb3 Qd7 12. Nh4 Nd8 13. Qf3 Kh7 14. Nf5 Ne6 15.
Nxh6 1-0

[Event "8e Open"]
[Site "Saint-Affrique"]
[Date "2000.07.22"]
[Round "1.13"]
[White "Menna, Ivan"]
[Black "Foisor, Cristina"]
[Result "0-1"]
[WhiteElo "1810"]
[BlackElo "2386"]
[PlyCount "36"]
[EventDate "2000.07.??"]

1. e4 d6 2. d4 Nf6 3. Nc3 g6 4. f4 Bg7 5. Nf3 O-O 6. Bd3 Na6 7. O-O c5 8. d5
Rb8 9. Bd2 Nc7 10. Qe2 b5 11. e5 Nfxd5 12. Nxd5 Nxd5 13. Be4 Nc7 14. a4 d5 15.
Ba5 dxe4 16. Rad1 exf3 17. Qf2 Qe8 18. Bxc7 fxg2 0-1

[Event "8e Open"]
[Site "Saint-Affrique"]
[Date "2000.07.22"]
[Round "1.14"]
[White "Collas, Silvia"]
[Black "Guennoun, Anthony"]
[Result "1-0"]
[WhiteElo "2351"]
[BlackElo "1800"]
[PlyCount "43"]
[EventDate "2000.07.??"]

1. e4 c5 2. Nf3 Nc6 3. c3 f5 4. exf5 d5 5. Nh4 Nf6 6. g4 g5 7. fxg6 Bxg4 8. Be2
Bxe2 9. Qxe2 hxg6 10. Nxg6 Rh5 11. d3 Qb6 12. h4 O-O-O 13. Bg5 Rh7 14. Na3 Bg7
15. O-O-O d4 16. c4 Bh6 17. f4 a6 18. Qe6+ Kb8 19. Ne5 Qc7 20. Kb1 Rd6 21. Qf5
Qc8 22. Qg6 1-0

[Event "8e Open"]
[Site "Saint-Affrique"]
[Date "2000.07.22"]
[Round "1.20"]
[White "Guedon, Stephane"]
[Black "Aiglon, Nicolas"]
[Result "1-0"]
[WhiteElo "2282"]
[BlackElo "1770"]
[PlyCount "33"]
[EventDate "2000.07.??"]

1. d4 d5 2. c4 e6 3. Nf3 Nf6 4. g3 c5 5. Bg2 Nc6 6. O-O dxc4 7. Qa4 Bd7 8. Qxc4
Qb6 9. dxc5 Bxc5 10. Nc3 Na5 11. Qh4 O-O 12. Ne5 Qc7 13. Bf4 Bd6 14. Nxd7 Nxd7
15. Nb5 Bxf4 16. Nxc7 g5 17. Qh6 1-0

[Event "8e Open"]
[Site "Saint-Affrique"]
[Date "2000.07.22"]
[Round "1.33"]
[White "Mounier, Thierry"]
[Black "Janotta, Patrick"]
[Result "1-0"]
[WhiteElo "1680"]
[BlackElo "2146"]
[PlyCount "129"]
[EventDate "2000.07.??"]

1. e4 c5 2. Nf3 d6 3. d4 cxd4 4. Nxd4 Nf6 5. Nc3 e6 6. Bc4 a6 7. O-O Be7 8. Qe2
Qc7 9. Re1 Nc6 10. Nf3 O-O 11. Bg5 b5 12. Bd3 Bb7 13. Rad1 Rac8 14. a3 Rfd8 15.
Nb1 Na5 16. Nbd2 Nc4 17. Rb1 Nxd2 18. Bxd2 d5 19. e5 Nd7 20. Bf4 Nc5 21. Rbc1
Nxd3 22. cxd3 Qd7 23. Bg5 Bxg5 24. Nxg5 h6 25. Nh3 d4 26. Nf4 Rxc1 27. Rxc1 Rc8
28. Qd2 Rc6 29. Nh5 Rxc1+ 30. Qxc1 Qd5 31. f3 Qxe5 32. Ng3 Kh7 33. Ne4 f5 34.
Nc5 Qc7 35. b4 Bd5 36. Qe1 Qd6 37. Qf2 e5 38. f4 exf4 39. Qxd4 f3 40. gxf3 Qg6+
41. Kf2 Ba8 42. Qe5 Qh5 43. Qf4 Qf7 44. h4 Qf6 45. d4 g5 46. hxg5 hxg5 47. Qe5
Kg6 48. Qxf6+ Kxf6 49. Nxa6 Ke7 50. Nc5 Bc6 51. Nd3 Kd6 52. Ne5 Be8 53. Ke3 Kd5
54. Kd3 Bh5 55. Ke3 g4 56. Nd7 Bf7 57. fxg4 fxg4 58. Nf6+ Kc4 59. Nxg4 Kb3 60.
Ne5 Be6 61. Ke4 Kxa3 62. d5 Bh3 63. Nc6 Kb3 64. Kd4 Bg2 65. Kc5 1-0

[Event "8e Open"]
[Site "Saint-Affrique"]
[Date "2000.07.22"]
[Round "1.41"]
[White "Raggini, Bernard"]
[Black "Caron, Morgan"]
[Result "1-0"]
[WhiteElo "1610"]
[BlackElo "2079"]
[PlyCount "65"]
[EventDate "2000.07.??"]

1. e4 g6 2. d4 Bg7 3. Nc3 d6 4. f4 Nd7 5. Nf3 c6 6. Bd3 b5 7. Be3 Nb6 8. O-O
Nh6 9. Qc1 f5 10. h3 O-O 11. a3 Bd7 12. e5 Nf7 13. b3 a5 14. Qe1 b4 15. Ne2 Nd5
16. Bd2 dxe5 17. fxe5 Qb6 18. Kh1 e6 19. Nf4 Nxf4 20. Bxf4 Bh6 21. Bxh6 Nxh6
22. Bc4 Nf7 23. Qh4 c5 24. Qe7 Qc6 25. Rfd1 Rfe8 26. Qxc5 Qe4 27. Re1 27...
Qxc2 {} 28. Bxe6 Qxc5 29. Bxf7+ Kxf7 30. dxc5 bxa3 31. Rxa3 Rec8 32. e6+ Bxe6
33. Ng5+ 1-0

[Event "8e Open"]
[Site "Saint-Affrique"]
[Date "2000.07.23"]
[Round "2.1"]
[White "Fressinet, Laurent"]
[Black "Cataly, Didier"]
[Result "1-0"]
[WhiteElo "2536"]
[BlackElo "2073"]
[PlyCount "53"]
[EventDate "2000.07.??"]

1. e4 e6 2. d4 d5 3. e5 c5 4. c3 Nc6 5. Nf3 Qb6 6. a3 c4 7. Nbd2 Na5 8. Be2 Bd7
9. O-O Ne7 10. Rb1 Qc6 11. b4 cxb3 12. Nxb3 Nxb3 13. Rxb3 Qc7 14. Bd2 Ba4 15.
Bb5+ Bxb5 16. Rxb5 a6 17. Rb2 Nc6 18. Qa4 Be7 19. Rfb1 Rb8 20. Bg5 Bxg5 21.
Nxg5 h6 22. Nf3 O-O 23. c4 Rfd8 24. c5 Rd7 25. Rb6 Rf8 26. h3 Kh8 27. Rxb7 1-0

[Event "8e Open"]
[Site "Saint-Affrique"]
[Date "2000.07.23"]
[Round "2.2"]
[White "Canonge, Lionel"]
[Black "Kosten, Anthony"]
[Result "0-1"]
[WhiteElo "2050"]
[BlackElo "2524"]
[PlyCount "78"]
[EventDate "2000.07.??"]

1. f4 d5 2. Nf3 g6 3. e3 Bg7 4. d4 Nh6 5. Be2 O-O 6. O-O Nd7 7. Ne5 f6 8. Nxd7
Bxd7 9. c4 e6 10. Nc3 c6 11. Qb3 Qb6 12. Bd2 Nf5 13. Na4 Qxb3 14. axb3 b6 15.
Bf3 g5 16. g4 Nh4 17. Bh1 gxf4 18. exf4 f5 19. Be3 fxg4 20. Bf2 Nf5 21. Rad1
Rad8 22. Nc3 h5 23. Ne2 h4 24. Rd3 Be8 25. Ra1 a5 26. Re1 Bh5 27. Bg2 Rd7 28.
Kh1 g3 29. hxg3 dxc4 30. bxc4 Bxe2 31. Rxe2 hxg3 32. Bg1 Bxd4 33. Bxc6 Rh7+ 34.
Kg2 Nh4+ 35. Kxg3 Bxg1 36. Rxe6 Nf5+ 37. Kg2 Rg7+ 38. Kf1 Nd4 39. Bd5 Rxf4+ 0-1

[Event "8e Open"]
[Site "Saint-Affrique"]
[Date "2000.07.23"]
[Round "2.3"]
[White "Badea, Bela"]
[Black "Marciniak, Alexandre"]
[Result "1-0"]
[WhiteElo "2480"]
[BlackElo "2050"]
[PlyCount "103"]
[EventDate "2000.07.??"]

1. Nf3 d5 2. c4 c6 3. b3 Nf6 4. Bb2 Bg4 5. e3 e6 6. Be2 Nbd7 7. h3 Bh5 8. d3
Bb4+ 9. Nbd2 O-O 10. O-O Bd6 11. Nd4 Bg6 12. cxd5 cxd5 13. N2f3 Qa5 14. a3 Rac8
15. Nh4 Bb8 16. b4 Qd8 17. g3 e5 18. Nb3 Qe7 19. Kg2 Rfd8 20. Rc1 e4 21. Nxg6
hxg6 22. Qd2 Ne5 23. Bxe5 Bxe5 24. Rc2 b6 25. Rfc1 Qb7 26. d4 Bd6 27. Bb5 a6
28. Bf1 Nd7 29. Qe2 b5 30. Na5 Qa8 31. Rc6 Nb6 32. Qg4 Nc4 33. Rxc8 Qxc8 34.
Qxc8 Rxc8 35. Nb3 Ra8 36. Ra1 Nb6 37. Nc5 Bxc5 38. dxc5 Na4 39. Rd1 Rd8 40. Rd2
Kf8 41. f3 exf3+ 42. Kxf3 Nc3 43. Bd3 Ke7 44. Rc2 Na4 45. Kf4 Ke6 46. Be2 Kd7
47. Bf3 Kc6 48. Ke5 Re8+ 49. Kd4 Rd8 50. h4 f6 51. Rh2 Rd7 52. g4 1-0

[Event "8e Open"]
[Site "Saint-Affrique"]
[Date "2000.07.23"]
[Round "2.4"]
[White "Flear, Glenn C"]
[Black "Gregory, Daniel"]
[Result "1-0"]
[WhiteElo "2480"]
[BlackElo "2040"]
[PlyCount "97"]
[EventDate "2000.07.??"]

1. d4 Nf6 2. c4 c5 3. d5 b5 4. cxb5 a6 5. bxa6 g6 6. Nc3 Bg7 7. e4 d6 8. Nf3
O-O 9. Be2 Bxa6 10. O-O Nbd7 11. h3 Qb6 12. Re1 Rfb8 13. Rb1 Ne8 14. Bd2 Nc7
15. b3 Bxe2 16. Rxe2 e6 17. dxe6 fxe6 18. Rc1 Rf8 19. Bg5 Rf7 20. Rd2 Ne8 21.
Be3 Qb4 22. Ne2 h6 23. Qc2 Qb7 24. Nf4 Nf8 25. e5 g5 26. Ng6 d5 27. Nxf8 Rxf8
28. Bxc5 Rf5 29. Bd4 Qf7 30. Rd3 Bh8 31. a4 Ng7 32. Rc3 Rf8 33. Rc8 Qb7 34.
Rxf8+ Rxf8 35. a5 Nf5 36. Bb6 Re8 37. Qc7 Qa6 38. Qd7 Ng7 39. b4 Qe2 40. b5 Rf8
41. Rc8 Rxc8 42. Qxc8+ Kh7 43. Qd7 Kg6 44. a6 h5 45. Be3 g4 46. Ng5 Qe1+ 47.
Kh2 47... g3+ {} 48. fxg3 Qxe3 49. Qf7+ 1-0

[Event "8e Open"]
[Site "Saint-Affrique"]
[Date "2000.07.23"]
[Round "2.5"]
[White "Pfeifer, Andreas"]
[Black "Bricard, Emmanuel"]
[Result "0-1"]
[WhiteElo "2050"]
[BlackElo "2461"]
[PlyCount "77"]
[EventDate "2000.07.??"]

1. e4 e5 2. Nf3 Nc6 3. Nc3 d6 4. d4 Bg4 5. Bb5 exd4 6. Qxd4 Bxf3 7. gxf3 Nge7
8. Bg5 Qd7 9. O-O-O Nxd4 10. Bxd7+ Kxd7 11. Rxd4 Nc6 12. Rd5 Ne5 13. f4 c6 14.
Rdd1 Nf3 15. Rd3 Nxg5 16. fxg5 Be7 17. Rg1 g6 18. h4 h6 19. f4 hxg5 20. hxg5
Rh4 21. Rf3 Re8 22. Kd2 Bd8 23. Kd3 Ba5 24. Nd1 Rh2 25. Nf2 Reh8 26. Rgg3 Ke7
27. f5 R8h5 28. a3 R2h4 29. b4 Bc7 30. Rh3 Bb6 31. Rxh4 Rxh4 32. fxg6 fxg6 33.
Nh3 Rg4 34. a4 a5 35. b5 Bc5 36. bxc6 bxc6 37. e5 dxe5 38. Rf6 Rg3+ 39. Ke2 0-1

[Event "8e Open"]
[Site "Saint-Affrique"]
[Date "2000.07.23"]
[Round "2.6"]
[White "Fontaine, Robert"]
[Black "Ravot, Sylvain"]
[Result "1-0"]
[WhiteElo "2449"]
[BlackElo "2040"]
[PlyCount "69"]
[EventDate "2000.07.??"]

1. e4 e5 2. Nf3 Nc6 3. Bb5 a6 4. Ba4 Nf6 5. O-O Be7 6. Re1 b5 7. Bb3 O-O 8. h3
d6 9. c3 Bb7 10. d4 Na5 11. Bc2 Re8 12. Nbd2 Bf8 13. b3 c5 14. d5 Bc8 15. a4 b4
16. c4 g6 17. Nf1 Bg7 18. N3h2 Nh5 19. Rb1 Nf4 20. Ng3 h5 21. Ne2 Bh6 22. Nxf4
Bxf4 23. Bxf4 exf4 24. Nf3 Qf6 25. Re2 Ra7 26. Qd2 Rae7 27. Rbe1 Nb7 28. Bb1
28... g5 {} 29. e5 dxe5 30. Qb2 Qg7 31. Rxe5 f5 32. Rxe7 Qxb2 33. Rxe8+ Kg7
34. Rxc8 Na5 35. Rc7+ 1-0

[Event "8e Open"]
[Site "Saint-Affrique"]
[Date "2000.07.23"]
[Round "2.7"]
[White "Mallassagne, Francois-Eric"]
[Black "Mollov, Ergin"]
[Result "0-1"]
[WhiteElo "2040"]
[BlackElo "2432"]
[PlyCount "70"]
[EventDate "2000.07.??"]

1. Nh3 g6 2. g3 Bg7 3. Bg2 e5 4. f4 d6 5. O-O Ne7 6. e4 O-O 7. f5 f6 8. Nc3 c6
9. d3 d5 10. g4 Na6 11. Kh1 Nc5 12. Qe1 b5 13. Qh4 b4 14. Ne2 dxe4 15. dxe4 Ba6
16. Nhg1 g5 17. Qf2 Na4 18. a3 bxa3 19. Rxa3 Bxe2 20. Nxe2 Nb6 21. Rd3 Qc7 22.
b3 Rfd8 23. Rh3 h6 24. Ng3 Kf7 25. Nh5 Bf8 26. b4 Ng8 27. c3 c5 28. bxc5 Bxc5
29. Qa2+ Kf8 30. Qe6 Qf7 31. Bb2 Nc4 32. Bc1 Rd6 33. Qxf7+ Kxf7 34. Ng3 a5 35.
Ne2 a4 0-1

[Event "8e Open"]
[Site "Saint-Affrique"]
[Date "2000.07.23"]
[Round "2.8"]
[White "Santo-Roman, Marc"]
[Black "Cartigny, Patrick"]
[Result "1-0"]
[WhiteElo "2418"]
[BlackElo "2036"]
[PlyCount "79"]
[EventDate "2000.07.??"]

1. e4 e6 2. d4 d5 3. Nc3 Bb4 4. e5 c5 5. a3 Ba5 6. Bd2 cxd4 7. Nb5 Bc7 8. f4
Nc6 9. Qg4 g6 10. Bd3 Nge7 11. Nf3 Nf5 12. Qh3 a6 13. Nxc7+ Qxc7 14. O-O-O Bd7
15. g4 Ne3 16. Bxe3 dxe3 17. Rhe1 Na5 18. Kb1 Rc8 19. Nd4 Qb6 20. Qxe3 Nc4 21.
Bxc4 Rxc4 22. f5 gxf5 23. gxf5 exf5 24. Qd3 Rg8 25. Rd2 Be6 26. Nxf5 Bxf5 27.
Qxf5 Rg1 28. Rxg1 Qxg1+ 29. Ka2 Qc5 30. Qxh7 Re4 31. Qg8+ Ke7 32. Qg5+ Ke8 33.
Qf5 Qc4+ 34. b3 Qc3 35. Rg2 Qxe5 36. Qc8+ Ke7 37. Qxb7+ Kf6 38. Qxa6+ Kf5 39.
Qh6 Re1 40. Rg5+ 1-0

[Event "8e Open"]
[Site "Saint-Affrique"]
[Date "2000.07.23"]
[Round "2.9"]
[White "Schoucair, Henry"]
[Black "Vajda, Albert"]
[Result "0-1"]
[WhiteElo "2037"]
[BlackElo "2410"]
[PlyCount "110"]
[EventDate "2000.07.??"]

1. e4 c6 2. d4 d5 3. Nd2 dxe4 4. Nxe4 Bf5 5. Ng3 Bg6 6. h4 h6 7. Nf3 Nf6 8. h5
Bh7 9. Bd3 Bxd3 10. Qxd3 e6 11. Bd2 Nbd7 12. O-O-O Be7 13. Rhe1 O-O 14. Re2 Rc8
15. Rde1 c5 16. Nf5 exf5 17. Rxe7 Ne4 18. R1xe4 fxe4 19. Qxe4 cxd4 20. Nxd4 Nf6
21. Qe5 Ng4 22. Qe4 Nxf2 23. Qe3 Ng4 24. Qe4 Nf6 25. Qe5 Re8 26. Nf5 Qb6 27.
Qg3 Nxh5 28. Qg4 Qg6 29. Qe4 Nf6 30. Rxe8+ Rxe8 31. Qxe8+ Nxe8 32. Ne7+ Kh7 33.
Nxg6 Kxg6 34. Be3 a6 35. Kd2 Kf5 36. Kd3 Ke5 37. Kc4 Kd6 38. Bc5+ Kc6 39. Bf8
h5 40. Kd4 Nd6 41. Ke5 Nc4+ 42. Kd4 Nxb2 43. Bxg7 b5 44. Bf8 Nc4 45. Bb4 Nb6
46. Bd2 Nd5 47. a3 Nb6 48. Bb4 Nc4 49. Be7 a5 50. a4 Nb6 51. axb5+ Kxb5 52. Ke5
Nc4+ 53. Kf6 Ne3 54. Kg5 h4 55. Kf4 Nd5+ 0-1

[Event "8e Open"]
[Site "Saint-Affrique"]
[Date "2000.07.23"]
[Round "2.10"]
[White "Foisor, Ovidiu"]
[Black "Deumie, Philippe"]
[Result "1-0"]
[WhiteElo "2404"]
[BlackElo "2030"]
[PlyCount "81"]
[EventDate "2000.07.??"]

1. c4 c5 2. g3 g6 3. Bg2 Bg7 4. Nc3 Nc6 5. d3 d6 6. Qd2 Rb8 7. b3 e5 8. Bb2
Nge7 9. f4 Be6 10. Nf3 f6 11. O-O O-O 12. e3 exf4 13. gxf4 d5 14. e4 dxc4 15.
bxc4 Nd4 16. Nxd4 Qxd4+ 17. Kh1 Qd7 18. Nd5 Nc6 19. Qf2 b6 20. f5 Bxd5 21. exd5
Ne5 22. Be4 Rbe8 23. Qg2 g5 24. h4 h6 25. a4 Qd6 26. Bc3 Kf7 27. Rae1 Rg8 28.
Qe2 g4 29. Bxe5 Rxe5 30. Qxg4 Bf8 31. Qh5+ Ke7 32. Rg1 Rxg1+ 33. Rxg1 Kd7 34.
Rg8 Re7 35. Rxf8 Rxe4 36. dxe4 Qxf8 37. Kg2 Kd6 38. Kf3 Ke5 39. Ke3 Kd6 40. Qg6
Ke5 41. Qg3# 1-0

[Event "8e Open"]
[Site "Saint-Affrique"]
[Date "2000.07.23"]
[Round "2.36"]
[White "Bouguerra, Tayeb"]
[Black "Lafitte, Luc"]
[Result "0-1"]
[WhiteElo "2120"]
[BlackElo "1930"]
[PlyCount "116"]
[EventDate "2000.07.??"]

1. d4 d5 2. e4 dxe4 3. Nc3 Nf6 4. f3 exf3 5. Nxf3 Bg4 6. h3 Bxf3 7. Qxf3 c6 8.
Be3 e6 9. Bd3 Nbd7 10. g4 Nb6 11. g5 Nfd5 12. Rf1 Qd7 13. Nxd5 Nxd5 14. Bd2 Bb4
15. c3 Bd6 16. h4 Qc7 17. O-O-O Rd8 18. h5 Rd7 19. Rde1 Kd8 20. Kb1 Kc8 21. c4
Nb4 22. c5 Nxd3 23. Qxd3 Bxc5 24. g6 hxg6 25. hxg6 Bxd4 26. gxf7 Bf6 27. Qe2
Rxf7 28. Qg4 Re7 29. Rh1 Rxh1 30. Rxh1 Re8 31. Bf4 Qf7 32. Be3 b6 33. Rf1 Kb7
34. a4 Qc7 35. Qb4 Qe5 36. Bc1 Qd5 37. Ka1 Rd8 38. Rf4 Rd7 39. Rc4 a5 40. Qb3
Qd3 41. Qa2 Qd1 42. Kb1 Bg5 43. b3 Rd4 44. Rc2 Qg1 45. Qb2 e5 46. Qc3 Qh1 47.
Qg3 Bf6 48. Qg6 Qd5 49. Ka2 Rxa4+ 50. Ba3 Rd4 51. Bb2 Rd3 52. Bc3 a4 53. Kb1
Rd1+ 54. Rc1 Qxb3+ 55. Bb2 e4 56. Qg2 Rxc1+ 57. Kxc1 Qxb2+ 58. Kd1 Qxg2 0-1

[Event "8e Open"]
[Site "Saint-Affrique"]
[Date "2000.07.24"]
[Round "3.1"]
[White "Djingarova, Emilia"]
[Black "Fressinet, Laurent"]
[Result "0-1"]
[WhiteElo "2263"]
[BlackElo "2536"]
[PlyCount "76"]
[EventDate "2000.07.??"]

1. e4 c5 2. Nf3 d6 3. d4 cxd4 4. Nxd4 Nf6 5. Nc3 a6 6. a4 Nc6 7. Nb3 g6 8. Be2
Bg7 9. O-O O-O 10. Bg5 b6 11. Kh1 Bb7 12. f4 Nd7 13. Bf3 Nc5 14. Nxc5 bxc5 15.
Nd5 f6 16. Bh4 e6 17. Nc3 Nd4 18. Bg4 Qb6 19. a5 Qc6 20. Bh3 f5 21. exf5 exf5
22. Na4 Rae8 23. c3 {} 23... Re3 24. cxd4 Rxh3 25. d5 Qxd5 26. Qxd5+ Bxd5 27.
Bg3 Bc6 28. Rfe1 h5 29. Re6 h4 30. Bf2 Rd3 31. Nxc5 Rd2 32. Kg1 Rb8 33. Rb1
Rxf2 34. Kxf2 Bd4+ 35. Kf1 Bxc5 36. Rxg6+ Kf7 37. Rh6 Be4 38. Rd1 Rxb2 0-1

[Event "8e Open"]
[Site "Saint-Affrique"]
[Date "2000.07.24"]
[Round "3.2"]
[White "Kosten, Anthony"]
[Black "Pujos, Stephane"]
[Result "1-0"]
[WhiteElo "2524"]
[BlackElo "2254"]
[PlyCount "87"]
[EventDate "2000.07.??"]

1. c4 c5 2. Nc3 g6 3. g3 Bg7 4. Bg2 Nc6 5. a3 b6 6. Nf3 Bb7 7. O-O Nf6 8. Rb1
O-O 9. b4 Rb8 10. d3 d6 11. Bd2 Qd7 12. e3 Rfd8 13. Qc2 Rbc8 14. Rfd1 cxb4 15.
axb4 d5 16. Qa2 dxc4 17. dxc4 Ba8 18. Be1 Qc7 19. Nd5 Nxd5 20. cxd5 Ne5 21. Nd4
Qc4 22. Qxc4 Nxc4 23. Nc6 Bxc6 24. dxc6 Rxd1 25. Rxd1 Nd6 26. Rc1 Rc7 27. Bf1
Kf8 28. b5 Ke8 29. Bb4 Kd8 30. f4 Rc8 31. Rd1 Kc7 32. e4 Rd8 33. e5 Nc8 34.
Rxd8 Kxd8 35. Bc4 e6 36. Kg2 Ke8 37. g4 Bf8 38. Bc3 Bc5 39. Kf3 a6 40. bxa6 Na7
41. f5 b5 42. fxg6 hxg6 43. Bd3 Ke7 44. Be4 1-0

[Event "8e Open"]
[Site "Saint-Affrique"]
[Date "2000.07.24"]
[Round "3.3"]
[White "Petit, Eric"]
[Black "Badea, Bela"]
[Result "1/2-1/2"]
[WhiteElo "2249"]
[BlackElo "2480"]
[PlyCount "55"]
[EventDate "2000.07.??"]

1. d4 g6 2. e4 Bg7 3. Nc3 d6 4. Bc4 Nf6 5. Qe2 Nc6 6. e5 Nxd4 7. exf6 Nxe2 8.
fxg7 Rg8 9. Ngxe2 Rxg7 10. Bh6 Rg8 11. O-O-O Be6 12. Bxe6 fxe6 13. Nf4 Qd7 14.
Rhe1 e5 15. Rxe5 15... O-O-O {} 16. Ne6 Rde8 17. Re3 Kb8 18. Rde1 b6 19. h4
Kb7 20. Rf3 Qc6 21. Ne4 Qd5 22. Kb1 Kb8 23. Ng3 c5 24. Bc1 c4 25. c3 a6 26. Nf4
Qb7 27. Ne6 Qd5 28. Nf4 1/2-1/2

[Event "8e Open"]
[Site "Saint-Affrique"]
[Date "2000.07.24"]
[Round "3.4"]
[White "Flouzat, Jean-Marc"]
[Black "Flear, Glenn C"]
[Result "0-1"]
[WhiteElo "2192"]
[BlackElo "2480"]
[PlyCount "106"]
[EventDate "2000.07.??"]

1. d4 d5 2. Nf3 Nf6 3. Bf4 Bg4 4. Nbd2 e6 5. h3 Bh5 6. c4 dxc4 7. Qa4+ Nbd7 8.
Qxc4 Bd6 9. Ne5 Nd5 10. Bh2 O-O 11. g4 Bg6 12. Bg2 N7b6 13. Qb3 c5 14. dxc5
Bxc5 15. Rd1 Rc8 16. Nxg6 hxg6 17. e4 Qf6 18. Qg3 Nb4 19. O-O Qxb2 20. e5 Rfd8
21. Ne4 Rxd1 22. Rxd1 Be7 23. Nd6 Rc1 24. Qf3 Rxd1+ 25. Qxd1 Qxa2 26. Bxb7 Qc2
27. Qf3 Qc1+ 28. Kg2 Bxd6 29. exd6 N4d5 30. d7 Nxd7 31. Bxd5 exd5 32. Qxd5 Qc8
33. Bf4 a6 34. Be3 Nf6 35. Qe5 Qc6+ 36. f3 Qb5 37. Qc7 a5 38. Bd4 Qe2+ 39. Kg3
Qe1+ 40. Bf2 Qd2 41. Qb8+ Kh7 42. Qa7 Qa2 43. h4 a4 44. Bc5 Qb3 45. Qe7 Qd5 46.
Qa7 Qd7 47. Qb8 Nd5 48. Bd6 Qc6 49. Qf8 Qb6 50. Bc5 Qa5 51. h5 Qe1+ 52. Bf2
Qe5+ 53. Kg2 Nf4+ 0-1

[Event "8e Open"]
[Site "Saint-Affrique"]
[Date "2000.07.24"]
[Round "3.5"]
[White "Bricard, Emmanuel"]
[Black "Lagunes, Jean-Renaud"]
[Result "1-0"]
[WhiteElo "2461"]
[BlackElo "2191"]
[PlyCount "63"]
[EventDate "2000.07.??"]

1. d4 Nf6 2. c4 g6 3. Nc3 Bg7 4. e4 d6 5. Be2 O-O 6. Bg5 Nc6 7. d5 Ne5 8. Nf3
Nxf3+ 9. Bxf3 a6 10. O-O Qe8 11. Re1 Nd7 12. Qd2 h5 13. Be2 e5 14. dxe6 fxe6
15. f4 b6 16. e5 dxe5 17. Bf3 Rb8 18. Bc6 exf4 19. Bxf4 e5 20. Bg5 Kh7 21. Rad1
Rf7 22. Rf1 Rxf1+ 23. Rxf1 Qe6 24. Bd5 Qg4 25. Ne4 Nc5 26. Nf6+ Bxf6 27. Rxf6
Be6 28. h3 Qg3 29. Bxe6 Ne4 30. Rf7+ Kh8 31. Bf6+ Nxf6 32. Qh6+ 1-0

[Event "8e Open"]
[Site "Saint-Affrique"]
[Date "2000.07.24"]
[Round "3.6"]
[White "Chaplin, Eric"]
[Black "Fontaine, Robert"]
[Result "0-1"]
[WhiteElo "2158"]
[BlackElo "2449"]
[PlyCount "73"]
[EventDate "2000.07.??"]

1. e4 c5 2. Nf3 a6 3. Nc3 b5 4. g3 Bb7 5. d3 e6 6. Bg2 b4 7. Nb1 d6 8. a3 a5 9.
axb4 axb4 10. Rxa8 Bxa8 11. O-O Nf6 12. Nbd2 Be7 13. Qe2 Nc6 14. c3 O-O 15. Nc4
Nd7 16. Bf4 Nb6 17. Nfd2 Na4 18. Nb1 Na5 19. Qd1 Bc6 20. Qc2 Nxc4 21. dxc4 Qa5
22. Rd1 e5 23. Bd2 Rb8 24. b3 Nxc3 25. Nxc3 bxc3 26. Bxc3 Qb6 27. Rb1 Qb7 28.
f4 exf4 29. gxf4 Bf8 30. e5 dxe5 31. Bxe5 Re8 32. Bxc6 Qxc6 33. Rd1 Re6 34. Rd5
Rg6+ 35. Kf2 Qc8 36. Qe4 Qh3 37. f5 0-1

[Event "8e Open"]
[Site "Saint-Affrique"]
[Date "2000.07.24"]
[Round "3.7"]
[White "Mollov, Ergin"]
[Black "Bedouin, Xavier"]
[Result "1-0"]
[WhiteElo "2432"]
[BlackElo "2174"]
[PlyCount "74"]
[EventDate "2000.07.??"]

1. d4 Nf6 2. Nf3 g6 3. c4 Bg7 4. Nc3 O-O 5. Bg5 d6 6. e3 Nbd7 7. Be2 e5 8. h3
c6 9. O-O Qe8 10. Qc2 h6 11. Bh4 Nh7 12. Ne4 d5 13. cxd5 cxd5 14. Nd6 Qe6 15.
Nb5 Qc6 16. Qb3 a6 17. Rfc1 axb5 18. Rxc6 bxc6 19. Rc1 19... Bb7 {} 20. Bxb5
cxb5 21. Qxb5 Rac8 22. Rxc8 Bxc8 23. dxe5 Re8 24. a4 Nhf8 25. a5 Ne6 26. Qc6
Bf8 27. Qxd5 Ndc5 28. b4 Bb7 29. Qd1 Ne4 30. b5 g5 31. a6 Rd8 32. Nd4 Ba8 33.
b6 gxh4 34. b7 Bxb7 35. axb7 N6c5 36. Qg4+ Kh8 37. Nc6 Re8 1-0